000 00402nmm a2200145Ia 4500
008 251105s9999||||xx |||||||||||||||||und||
041 _aspa
100 _aNievas, Bruno
245 0 _aLo que el hielo atrapa
264 _a[Madrid, España] :
_bEdiciones B,
_c2015
300 _a427 páginas
650 _aHistorical fiction
856 _uhttps://public.digitaliapublishing.com/a/53575
942 _cCF
999 _c105615
_d105615